| 000 | 04105cam a22005894i 4500 | ||
|---|---|---|---|
| 003 | PE-LiUPU | ||
| 005 | 20250731173038.0 | ||
| 008 | 161017s2017 miu rb 011 0 eng | ||
| 020 | _a0802875149 | ||
| 020 | _a9780802875143 | ||
| 035 | _a(Sirsi) i9780802875143 | ||
| 035 |
_a(OCoLC)960086001 _z(OCoLC)961009701 |
||
| 040 |
_aDLC _bspa _erda _cDLC _dBDX _dOCLCF _dYDX _dKAT _dGGB _dLNT _dOCLCO _dP4A _dOCLCQ _dPE-LiUPU |
||
| 049 | _aPRUA | ||
| 050 | 0 | 0 |
_aBT701.3 _b.H863 2017 |
| 082 | 0 | 0 |
_a233.5 _bH9 _223 |
| 245 | 0 | 0 |
_aHuman origins and the image of God : _bessays in honor of J. Wentzel van Huyssteen / _ceditor: Christopher Lilley, Daniel J. Pedersen. |
| 264 | 1 |
_aGrand Rapids, Michigan : _bWilliam B. Eerdmans Publishing Company, _c[2017] |
|
| 300 |
_axiv, 322 páginas ; _c24 centímetros |
||
| 336 |
_atext _2rdacontent |
||
| 337 |
_aunmediated _2rdamedia |
||
| 338 |
_avolume _2rdacarrier |
||
| 504 | _aBibliografía al pie de página. | ||
| 504 | _aÍndice : páginas 317-322. | ||
| 505 | 0 | 0 |
_gForeword / _rM. Craig Barnes -- _gPreface / _rChristopher Lilley and _rDaniel J. Pedersen -- _gIntroduction : _tJ. Wentzel van Huyssteen and interdisciplinary theology / _rNiels Henrik Gregersen -- _gPart 1. Natural Scientists. _tThe acquisition of human uniqueness: how we got from there to here, and how we did it so fast / _rIan Tattersall -- _tReligion as a technology of entanglement: dealing with the beyond of entanglements / _rIan Hodder -- _tImago Dei and animal domestication: cognitive-evolutionary perspectives on human uniqueness and the Imago Dei / _rJustin L. Barrett and _rTyler S. Greenway -- _tThe emergence of religion: what evolution, the human niche, and imagination can tell us / _rAgustín Fuentes -- _tThe religious sense: human uniqueness, human evolution, and the origins of symbolism and culture / _rRichard Potts -- _gPart 2. Philosophers and historians. _tPersons and humans: the dignity and distinctiveness of the human person / _rKeith Ward -- _tAxiological sensitivity: its origins, dynamic structures, and significance for theological anthropology / _rWesley J. Wildman -- _tHuman evolution: some tough questions for the Christian / _rMichael Ruse -- _tScience, technology, and aesthetics: the manifestation of adaptive cognitive fluidity in humans / _rJohn Hedley Brooke -- _gPart 3. Theologians. _tMoral origins and evolutionary ethics: navigating the maze in conversation with J. Wentzel van Huyssteen / _rCelia Deane-Drummond -- _tWhat makes theology theology?: conviction, communicability, and comprehensibility / _rMichael Welker -- _tAre we alone? And does it matter?: the narrative of human particularity / _rDavid Fergusson -- _tPostfoundationalism and the ethic of responsibility: duet or duel? / _rD. Etienne de Villiers -- _tLiving with strangers?: on constructing ethical discourses / _rDirk J. Smit. |
| 526 | _aSEG42 | ||
| 526 | _aSEG41 | ||
| 526 | _aSEG40 | ||
| 526 | _aSEG39 | ||
| 526 | _aP94 | ||
| 526 | _aP87 | ||
| 526 | _aP86 | ||
| 526 | _aP85 | ||
| 526 | _aP77 | ||
| 526 | _aP76 | ||
| 526 | _aP35 | ||
| 650 | 4 |
_aAntropología teológica _xCristianismo. _93787 |
|
| 650 | 4 | _aImagen de Dios. | |
| 650 | 4 |
_Evolución humana _xRespectos religiosos _xCristianidad. |
|
| 650 | 7 |
_aHuman evolution _xReligious aspects _xChristianity. _2fast _0(OCoLC)fst00963038 |
|
| 650 | 7 |
_aImage of God. _2fast _0(OCoLC)fst01432055 |
|
| 650 | 7 |
_aTheological anthropology _xChristianity. _2fast _0(OCoLC)fst01432207 |
|
| 700 | 1 |
_aLilley, Christopher, _d1988- , _eeditor. |
|
| 700 | 1 |
_aVan Huyssteen, J. Wentzel _q(Jacobus Wentzel), _d1942- , _een honor. |
|
| 910 |
_adbm _bebj _cebj _d20171214 |
||
| 942 |
_2ddc _cBOOK |
||
| 949 |
_a233.5 H9 _wDEWEY _c1 _i77562 _lCATALOGING _mBUL _p39.99 _r0 _sY _tBOOK _u2017-12-14 _xPOSGRADO _PP85 _0DONACION _o.STAFF. Colección Teología. |
||
| 994 |
_aC0 _bPEPRU |
||
| 596 | _a1 | ||
| 999 |
_a233.5 H9 _wDEWEY _c26194 _i77562 _d26194 _e2019-1-10 _f2021-11-10 _g4 _lCCODEBUL1 _mBUL _n2 _p39.99 _q2 _r0 _sY _tBOOK _u2017-12-14 _xTEOLOGIA _PP85 _0COMPRA _o.STAFF. Colección Teología. |
||
| 980 |
_81 _gALBERTO SANCHEZ Responsable de Automatización |
||